| 000 | 01120nam a2200325Ia 4500 | ||
|---|---|---|---|
| 999 |
_c200429342 _d47266 |
||
| 001 | 44400270 | ||
| 003 | TR-AnTOB | ||
| 005 | 20190408221941.0 | ||
| 007 | ta | ||
| 008 | 000613s1999 tu f b f000 0 tur d | ||
| 020 | _a9751721571 | ||
| 040 |
_aIXA _cTR-AnTOB _dBGZ _beng _erda |
||
| 041 | 0 | _atur | |
| 049 | _aBGZA | ||
| 050 |
_aGT1400 _b.G86 1999 |
||
| 090 | 0 |
_aGT1400 _b.G86 1999 |
|
| 100 | 1 |
_aGürtuna, Sevgi _4author _9119561 |
|
| 245 | 1 | 0 |
_aOsmanlı kadın giysisi / _cSevgi Gürtuna. |
| 264 |
_aAnkara : _bKültür Bakanlığı, Yayımlar Dairesi Başkanlığı, _c1999. |
||
| 300 |
_axi, 82 p., [184] p. of plates ; _c32 cm. |
||
| 336 |
_2 rdacontent _atext |
||
| 337 |
_2rdamedia _aunmediated |
||
| 338 |
_2rdacarrier _avolume |
||
| 490 | 0 |
_aT.C. Kültür Bakanlığı yayınları ; _v2261. _aOsmanlı eserleri dizisi ; _v10 |
|
| 504 | _aIncludes bibliographical references. | ||
| 650 | 0 |
_aClothing and dress _x History _zTurkey _y Ottoman Empire, 1288-1918 _9119563 |
|
| 650 | 0 |
_aGiyim ve elbise _xTarih _zTürkiye _yOsmanlı İmparatorluğu,1288-1918 _991044 |
|
| 942 |
_2lcc _cBK |
||